• 首页
  • 本馆介绍
  • 公告通知
  • 最新文献
  • 馆藏检索
  • 电子资源
  • 读者导购
  • 参考咨询
  • 我的图书馆
  • 登录
  • 期刊详细显示
  • 现刊情况显示
  • 合订本情况显示
  • 篇目信息显示

期刊信息

  • 表格格式
  • 工作单格式
  • 卡片格式
索取号 
J6/XAYY
题名 
西安音乐学院学报(交响)
作者 
西安音乐学院学报编辑部
分册号 
分册名 
出版地 
陕西
出版者 
西安音乐学院学报编辑部
标准刊号 
1003-1499
出版频率 
月刊
中图法分类 
J6
主题词 
音乐
电子资源 
000 00668nas0 2200217 45
001 0552754062
005 20070711163143.46
010    @d8
011    @a1003-1499@dCNY8.00(2002)
091    @aCN61-1045/J
092    @b52-145
100    @a20051129d km y0chiy0120 ea
101 0  @achi
200 1  @a西安音乐学院学报(交响)@AXi An Yin Yue Xue Yuan Xue Bao(Jiao Xiang)@f西安音乐学院学报编辑部@FXi An Yin Yue Xue Yuan Xue Bao Bian Ji Bu
210    @a陕西@c西安音乐学院学报编辑部
326    @a月刊
606 0  @a音乐
690    @aJ6@v4
711  0 @a西安音乐学院学报编辑部@AXi An Yin Yue Xue Yuan Xue Bao Bian Ji Bu
801  0 @aCN@bPFT@c20070711
905    @aTJWY@dJ6@eXAYY
    
    西安音乐学院学报(交响)/西安音乐学院学报编辑部.-陕西:西安音乐学院学报编辑部
    
    
    
    8 ISSN 1003-1499:CNY8.00(2002)
    
●
相关链接: 在易读查询期刊 在中国知网中查询期刊 在万方数据查询期刊 在维普查询期刊
唐山师范学院图书馆 欢迎您!
大连网信软件有限公司© 版权所有